| 000 | 00000nam##2200000za#4500 |
| 001 | 9.698299 |
| 003 | CaOODSP |
| 005 | 20210624235851 |
| 007 | cr ||||||||||| |
| 008 | 150407|1999||||xxc|||||o f|0| 0 eng|d |
| 040 | |aCaOODSP|beng |
| 043 | |an-cn--- |
| 086 | 1 |aEn134-12/1999E-PDF |
| 110 | 2 |aNational Round Table on the Environment and the Economy (Canada) |
| 245 | 10|aCreating a legacy of economic, community and ecological well-being : |h[electronic resource]|blaying the foundation for the new millennium - budget 2000 recommendations |
| 260 | |aOttawa - Ontario : |bNational Round Table on the Environment and the Economy |c1999. |
| 300 | |a41p. |
| 590 | |a13-19-Supp|b2013-08-14 |
| 690 | 07|aClimate|2gcpds |
| 690 | 07|aEnvironmental management|2gcpds |
| 690 | 07|aPollution control|2gcpds |
| 690 | 07|aEnvironment|2gcpds |
| 775 | 08|tConstitution d'un patrimoine de bien-être économique, communautaire et écologique : |w(CaOODSP)9.642310 |
| 856 | 40|ahttp://publications.gc.ca|qPDF|s165 KB|uhttps://publications.gc.ca/collections/collection_2013/trnee-nrtee/En134-12-1999-eng.pdf |